000 00209 a2200097 4500
001 18593
100 _aJafrsyed ahmed
245 _aSirat ul aaima asaba
260 _a
_bSh Ghulam ali
_c
090 _c13821
_d13821
942 _aNUST-CAE
_cM
_c4249
999 _c253666
_d253666